00657nam a2200157Ia 4500008004100000020001800041082001900059100003100078245006700109260001900176300001000195650008500205952009600290952009600386999001700482120629s9999 xx 000 0 und d a970-9857-49-5 a344.7202 A348l aAlcaraz de la Rosa, José aLey del Seguro Social : comentada / José Alcaraz de la Rosa. aMéxico : PAC a548 p a1. SEGURIDAD SOCIAL-LEGISLACION-COMENTARIOS \ 2. MÉXICO-LEYES, REGLAMENTOS.Ì 00104070a15b15d2009-11-18l0o344.7202 A348Lp15 003405r2017-12-07t1w2012-06-28yLB 00104070a15b15d2010-04-30l0o344.7202 A348Lp15 004019r2017-12-07t2w2012-06-28yLB c76720d76720